Harry Potter and the Order of the Phoenix - Chapters - Statistics

General Stats
  • This quiz has been taken 114 times
  • The average score is 23 of 38
Answer Stats
Chapter % Correct
18 Dumbledore's Army
87%
34 The Department of Mysteries
87%
1 Dudley Demented
83%
4 Number Twelve, Grimmauld Place
83%
8 The Hearing
83%
5 The Order of the Phoenix
80%
13 Detention with Dolores
70%
30 Grawp
70%
10 Luna Lovegood
70%
31 O.W.L.S
70%
35 Beyond the Veil
67%
12 Professor Umbridge
67%
28 Snape’s Worst Memory
67%
3 The Advance Guard
67%
9 The Woes of Mrs Weasley
63%
2 A Peck of Owls
60%
24 Occlumency
60%
22 St Mungo's Hospital for Magical Maladies and Injuries
60%
7 The Ministry of Magic
60%
38 The Second War Begins
60%
11 The Sorting Hat's New Song
60%
23 Christmas on the Closed Ward
57%
17 Educational Decree Number Twenty-four
57%
15 The Hogwarts High Inquisitor
57%
36 The Only One He Ever Feared
57%
20 Hagrid’s Tale
53%
16 In the Hog's Head
53%
14 Percy and Padfoot
53%
19 The Lion and the Serpent
50%
37 The Lost Prophecy
50%
6 The Noble and Most Ancient House of Black
50%
29 Careers Advice
47%
33 Fight and Flight
47%
27 The Centaur and the Sneak
47%
21 The Eye of the Snake
47%
26 Seen and Unforeseen
40%
25 The Beetle at Bay
37%
32 Out of the Fire
30%
No matching quizzes found
Score Distribution
Percent of People with Each Score
Percentile by Number Answered
Your Score History
You have not taken this quiz